Mort subite, chansons d'aya nakamura - Statistiques

Statistiques générales
  • Ce quiz a été pris 1 540 fois
  • Le résultat moyen est 4 sur 9
Answers on the Grid
Answers color-coded by a green-red scale on the quiz's grid according to % correct below.
djadja
jamais plus
copines
je souffre
vole
mashallah
nirvana
hypé
fly
bonbon
non non
préféré
faya
bouguy
pokie
42
c'est hot
chérie
 
Statistiques - réponses
Réponse % Correct
djadja
98%
copines
78%
fly
47%
hypé
46%
42
44%
nirvana
25%
faya
21%
préféré
20%
chérie
15%
Aucun quiz correspondant
Distribution des résultats
% des personnes avec chaque résultat
Percentile par nombre de réponses
Votre historique - résultats
Vous n’avez pas pris ce quiz